[Event "SCO-ch op 128th"]
[Site "Dunfermline"]
[Date "2023.07.09"]
[Round "5"]
[White "Hamilton, Graham"]
[Black "Ridge, Michael"]
[Result "1/2-1/2"]
[WhiteElo "1942"]
[BlackElo "1792"]
[PlyCount "48"]
[EventDate "2023.07.07"]
[EventType "swiss"]
[EventRounds "5"]
[EventCountry "SCO"]
[SourceTitle "CBM 215 Extra"]
[Source "ChessBase"]
[SourceDate "2023.09.30"]
[SourceVersion "1"]
[SourceVersionDate "2023.09.30"]
[SourceQuality "1"]

1. d4 Nf6 2. c4 Nc6 3. Nf3 e6 4. Nc3 Bb4 5. Qc2 d6 6. Bd2 e5 7. d5 Bxc3 8. Bxc3 Ne7 9. e4 Ng6 10. h4 Bg4 11. Nd2 Nh5 12. g3 Qd7 13. Bd3 Qe7 14. Qa4+ Bd7 15. Qd1 Nf6 16. h5 Nf8 17. f3 h6 18. Qb3 b6 19. Nf1 N8h7 20. 0-0-0 0-0 21. Bd2 a5 22. Ne3 c6 23. dxc6 Bxc6 24. Nf5 Qd7 1/2-1/2

[Event "Ayr op"]
[Site "Ayr"]
[Date "2018.05.26"]
[Round "3"]
[White "Hamilton, Graham"]
[Black "Orr, Mark JL"]
[Result "0-1"]
[WhiteElo "1957"]
[BlackElo "2085"]
[PlyCount "124"]
[EventDate "2018.05.25"]
[EventType "swiss"]
[EventRounds "5"]
[EventCountry "SCO"]
[SourceTitle "CBM 184 Extra"]
[Source "ChessBase"]
[SourceDate "2018.06.28"]
[SourceVersion "1"]
[SourceVersionDate "2018.06.28"]
[SourceQuality "1"]

1. d4 Nf6 2. c4 e6 3. Nf3 Bb4+ 4. Nbd2 0-0 5. a3 Be7 6. e4 d6 7. Qc2 c5 8. dxc5 dxc5 9. Bd3 Nc6 10. e5 Nd7 11. Bxh7+ Kh8 12. Be4 Ndxe5 13. 0-0 f5 14. Nxe5 Nxe5 15. Nf3 Nf7 16. Rd1 Qc7 17. Bd3 Bf6 18. Rb1 g6 19. b4 e5 20. Bb2 b6 21. Rd2 Nh6 22. Ne1 e4 23. Be2 cxb4 24. axb4 Bxb2 25. Qxb2+ Kh7 26. Rbd1 Be6 27. Rd6 Rae8 28. b5 Nf7 29. Rc6 Qe5 30. Qxe5 Nxe5 31. Rc7+ Rf7 32. Rxf7+ Bxf7 33. Nc2 Re7 34. Rd4 Rd7 35. Rxd7 Nxd7 36. Nb4 Ne5 37. Nc6 Bxc4 38. Bxc4 Nxc4 39. Kf1 Kg7 40. Ke2 f4 41. Nxa7 Kf6 42. Nc6 g5 43. h3 Nd6 44. Na7 Ke6 45. Kd2 Kd5 46. Ke2 Kc5 47. g3 f3+ 48. Kd2 Nc4+ 49. Ke1 Nd6 50. h4 gxh4 51. gxh4 Kd5 52. h5 Ke6 53. Kd2 Nc4+ 54. Ke1 Kf6 55. Nc8 Kg5 56. Ne7 Kxh5 57. Nf5 Kg5 58. Ng3 Kf4 59. Nh5+ Ke5 60. Kd1 Nd6 61. Kd2 Nxb5 62. Ke3 Nd6 0-1

[Event "East of Scotland-ch"]
[Site "Scotland"]
[Date "2010.05.30"]
[Round "5"]
[White "Stevenson, James"]
[Black "Hamilton, Graham"]
[Result "1-0"]
[WhiteElo "2097"]
[BlackElo "2000"]
[PlyCount "71"]
[EventDate "2010.05.28"]
[EventType "swiss"]
[EventRounds "5"]
[EventCountry "SCO"]
[SourceTitle "EXT 2023"]
[Source "ChessBase"]
[SourceDate "2022.10.05"]
[SourceVersion "1"]
[SourceVersionDate "2022.10.05"]
[SourceQuality "1"]

1. d4 d5 2. c4 c6 3. cxd5 cxd5 4. Nc3 Nf6 5. Bf4 Nc6 6. e3 Bg4 7. f3 Bd7 8. Bd3 Qb6 9. Nge2 a6 10. a3 g6 11. Bg5 Be6 12. Na4 Qa7 13. Nf4 Nd7 14. Nxe6 fxe6 15. Rc1 Bg7 16. f4 0-0 17. Qg4 Kf7 18. Nc3 Nf6 19. Qh3 Rh8 20. 0-0 Rad8 21. Kh1 h6 22. Bxf6 exf6 23. Na4 f5 24. Nc5 Rd6 25. b4 Rc8 26. Rc2 Nb8 27. Rfc1 Rdc6 28. g4 b6 29. gxf5 bxc5 30. fxe6+ Rxe6 31. Bxg6+ Ke7 32. Bf5 Qb6 33. bxc5 Qc6 34. Rg2 Rg8 35. Rcg1 Rf6 36. Bh7 1-0

[Event "East of Scotland"]
[Site "Grangemouth"]
[Date "2008.06.01"]
[Round "5"]
[White "Hamilton, Graham"]
[Black "Brechin, Hugh R"]
[Result "1-0"]
[WhiteElo "2007"]
[BlackElo "2003"]
[PlyCount "61"]
[EventDate "2008.05.30"]
[EventType "swiss"]
[EventRounds "5"]
[EventCountry "SCO"]
[SourceTitle "EXT 2010"]
[Source "ChessBase"]
[SourceDate "2010.11.25"]
[SourceVersion "1"]
[SourceVersionDate "2010.11.25"]
[SourceQuality "1"]

1. d4 Nf6 2. c4 e6 3. Nf3 b6 4. g3 Ba6 5. Qa4 Bb7 6. Bg2 c5 7. 0-0 Be7 8. dxc5 Bxc5 9. a3 0-0 10. b4 Be7 11. Nc3 Qc7 12. Qb3 Nc6 13. Nb5 Qb8 14. Bf4 d6 15. Rad1 e5 16. Bc1 a6 17. Nc3 h6 18. Qb1 Qc7 19. Rfe1 Nb8 20. Nd5 Nxd5 21. cxd5 Nd7 22. g4 Qc4 23. g5 hxg5 24. Bxg5 Bxg5 25. Nxg5 f5 26. e4 f4 27. Rc1 Qb5 28. Rc7 Rab8 29. Qb3 Nf6 30. Re7 a5 31. Bf1 1-0